000 00816nam a2200205 i 4500
001 25929
003 ES-MaACL
005 20230906153345.0
007 t|
008 030103s1889 ag ||||1| spa d
100 1 _aArnaud, Leopoldo.
_923070
245 1 0 _aDel Timbó al Tartagal
_b: impresiones de un viaje a través del Gran Chaco /
_cpor Leopoldo Arnaud ; con un prólogo de Juan José García Velloso.
260 _aBuenos Aires :
_b[s.n.],
_c1889 (
_fImp. de Río de la Plata)
300 _aXIII, 304 p. ;
_c18 cm.
530 _aDisponible en formato digital.
651 4 _aGran Chaco-
_xDescubrimientos y exploraciones.
_9159474
700 1 _aGarcía Velloso, Juan José.
_955392
852 _aES-MaACL
_jG-8047
856 _uhttp://bdh-rd.bne.es/viewer.vm?id=0000047058&page=1
_zBiblioteca Digital Hispánica
999 _c25929
_d25929